00473 a2200145 4500003000500000005001700005040000900022082000800031100001200039245005600051260004700107300001000154505013300164538003000297Nust20170207154118.0 cNust a577 aC.R.Fay aLife and Labour in the Nineteenth Century cC.R.Fay aCambridge bAt the university press c1945 a308p; aPART-1: The International Background 1815-1830 (Page-3) PART-2: The Political Background from 1830 to the Present Day (Page-11)  aAlmirah No 18. Shelf No.6